|
|
แสดงรายละเอียดบรรณานุกรม |
|
|
Brief Record
: Get Marc (ISO 2709)
: E-mail record
: |
|
|
| LEADER 00000nam 2200000uu 4500 | |||
| 001 211193 | |||
| 003 ULIBM | |||
| 008 020711s2015 th a 000 0 eng d | |||
| 020 9781284041392 | |||
| 041 ^aeng | |||
| 060 4 WY86 M423n 2015 | |||
| 100 Masters, Kathleen | |||
| 245 Nursing theories :^ba framework for professional practice/^cKathleen Masters | |||
| 250 2nd ed | |||
| 260 Burlington,MA :^bJones&Bartlett Learning,^c2015 | |||
| 300 xviii,406 pages :^bill ;^c23 cm | |||
| 504 ^aIncludes bibliographical references and index | |||
| 650 4 Nursing Philosophy | |||
| 650 4 ^aNursing models | |||
| 650 4 ^aNursing Theory | |||
| 999 ^aใช้งานได้ทุกระบบ | |||
| คุณยังไม่ได้ล็อกอิน คุณสามารถมีกิจกรรมร่วมกับเว็บไซต์ได้ แต่ต้องล็อกอินก่อน :: |
|
| สถานะ | |||||||||
| 1. | การพยาบาล (ตำราหลัก) | WY86 M423n 2015 c.1 | On Shelf ขอยืม | ||||||
| Note:งบประมาณปี2559 | |||||||||
| [แสดง 1/1 รายการ] | |||||||||
BibComment |
| คอมเมนท์ทรัพยากรรายการนี้ |
|
|